How the influence of construction contractors in the specification of products and materials is growing and changing (Record no. 120842)

MARC details
000 -LEADER
fixed length control field 01211cad a22002295a 4500
001 - CONTROL NUMBER
control field L149689
008 - FIXED-LENGTH DATA ELEMENTS--GENERAL INFORMATION
fixed length control field 100409u2010 xxk g 000 0 eng d
035 ## - SYSTEM CONTROL NUMBER
System control number (Sirsi) u149689
041 0# - LANGUAGE CODE
Language code of text/sound track or separate title eng
050 ## - LIBRARY OF CONGRESS CALL NUMBER
Classification number 658.99
-- 18
110 2# - MAIN ENTRY--CORPORATE NAME
Corporate name or jurisdiction name as entry element Emap Construct Ltd
9 (RLIN) 3840
245 00 - TITLE STATEMENT
Title How the influence of construction contractors in the specification of products and materials is growing and changing
Medium [electronic resource]
260 ## - PUBLICATION, DISTRIBUTION, ETC.
Place of publication, distribution, etc. London
Name of publisher, distributor, etc. Emap
Date of publication, distribution, etc. 2010
520 ## - SUMMARY, ETC.
Summary, etc. A Construction News/Emap report investigating the extent to which contractors influence product decisions; top 100 contractors in the UK by turnover were questioned.
590 ## - LOCAL NOTE (RLIN)
Local note KA NTK
651 #4 - SUBJECT ADDED ENTRY--GEOGRAPHIC NAME
Geographic name United Kingdom
Chronological subdivision
690 ## - LOCAL SUBJECT ADDED ENTRY--TOPICAL TERM (OCLC, RLIN)
Topical term or geographic name as entry element BUILT ENVIRONMENT
710 2# - ADDED ENTRY--CORPORATE NAME
Corporate name or jurisdiction name as entry element Lychgate Projects
9 (RLIN) 4069
856 40 - ELECTRONIC LOCATION AND ACCESS
Uniform Resource Identifier <a href="https://www.cnplus.co.uk/home/how-is-the-role-of-contractors-and-subcontractors-in-specifying-products-and-materials-changing/5214186.article">https://www.cnplus.co.uk/home/how-is-the-role-of-contractors-and-subcontractors-in-specifying-products-and-materials-changing/5214186.article</a>
Public note View this item (must have a Construction News subscription) at the cnplus.co.uk website.
856 40 - ELECTRONIC LOCATION AND ACCESS
Public note Read the document in the Library
Uniform Resource Identifier <a href="https://www.cnplus.co.uk/home/how-is-the-role-of-contractors-and-subcontractors-in-specifying-products-and-materials-changing/5214186.article">https://www.cnplus.co.uk/home/how-is-the-role-of-contractors-and-subcontractors-in-specifying-products-and-materials-changing/5214186.article</a>
942 ## - ADDED ENTRY ELEMENTS (KOHA)
Suppress in OPAC 0
Holdings
Withdrawn status Lost status Source of classification or shelving scheme Damaged status Not for loan Home library Current library Shelving location Date acquired Total Checkouts Full call number Barcode Date last seen Copy number Price effective from Koha item type
    Dewey Decimal Classification     Virtual Virtual Online 09/04/2010   ONLINE PUBLICATION 149689-2001 06/08/2019 1 06/08/2019 Book